000
00238nam a2200097Ia 4500
008
240331s9999 xx 000 0 und d
082
_a
301
_b
SAN
100
_a
Sandywell, B
245
0
_a
Reflexivity and the crisis of western reaso
942
_c
L
999
_c
1035
_d
1035